000 00380 a2200169 4500
001 186622
020 _a978-85-08-04468-9
040 _cMagnum
100 _aAzevedo, Ricardo
240 1 0 _aNossa rua tem um problema
_lpor
245 1 0 _aNossa rua tem um problema
300 _a32
362 0 _a1999
440 1 _aÁtica
697 _aLITERATURA INFANTO-JUVENIL
942 _cBK
999 _c186622
_d186622